[Event "CEG Riscle C"]
[Site "Riscle"]
[Date "2017.08.07"]
[Round "1.2"]
[White "Gabillard, Gilbert"]
[Black "Jackson, Edgar"]
[Result "0-1"]
[WhiteElo "1519"]
[BlackElo "1641"]
[PlyCount "70"]
[EventDate "2017.??.??"]
[WhiteTeam "Echiquier du pays de Liffré"]
[BlackTeam "Gondrin Echecs Loisirs"]

1. d4 Nf6 2. Nf3 e6 3. e3 b6 4. b3 Bb7 5. Bb2 Be7 6. Nbd2 O-O 7. Bd3 d5 8. O-O
Nbd7 9. c4 c6 10. Ne5 h6 11. f4 c5 12. Rc1 Rc8 13. Qe2 Ne4 14. cxd5 exd5 15.
Nxe4 dxe4 16. Ba6 Bxa6 17. Qxa6 Nf6 18. Rfd1 cxd4 19. Bxd4 Rxc1 20. Rxc1 Bc5
21. Nc6 Qd6 22. Bxc5 bxc5 23. b4 cxb4 24. Qxa7 Qd2 25. Qc5 Nd5 26. h3 Nxe3 27.
Ne7+ Kh7 28. Rc2 Qxc2 29. Qxe3 Qd3 30. Qc5 e3 31. Qxb4 e2 32. Kh2 Qd1 33. Nf5
e1=Q 34. Qxf8 Qh1+ 35. Kg3 Qd3+ 0-1

[Event "CEG Riscle C"]
[Site "Riscle"]
[Date "2017.08.07"]
[Round "1.3"]
[White "Joyeux, Chloe"]
[Black "Camuzeaux, Jules"]
[Result "1-0"]
[WhiteElo "1477"]
[BlackElo "1579"]
[PlyCount "85"]
[EventDate "2017.??.??"]
[WhiteTeam "LEC Echiquier Limousin"]
[BlackTeam "Echiquier Bordelais"]

1. e4 e5 2. Nf3 Nc6 3. Bb5 Nge7 4. c3 g6 5. d3 Bg7 6. O-O O-O 7. Be3 d6 8. Qc1
Be6 9. Bh6 Qd7 10. Bxg7 Kxg7 11. Nbd2 f5 12. d4 fxe4 13. Nxe4 exd4 14. Nxd4 Bd5
15. Ng3 Qg4 16. Be2 Qh4 17. Nxc6 Bxc6 18. Qd2 Rf6 19. Rae1 Raf8 20. Bd3 Rf4 21.
Qe2 R8f7 22. Be4 d5 23. Bf3 a6 24. Qe5+ R4f6 25. Qxc7 Rxf3 26. gxf3 d4 27. Qe5+
Kg8 28. Qxd4 Nf5 29. Nxf5 Qg5+ 30. Ng3 Rxf3 31. Re5 Qh6 32. Rfe1 Qh3 33. Re8+
Rf8 34. Rxf8+ Kxf8 35. Qf4+ Kg8 36. f3 Qd7 37. Qb8+ Kf7 38. Qh8 Qh3 39. Ne4
Bxe4 40. Rxe4 Qxf3 41. Qxh7+ Kf8 42. Qe7+ Kg8 43. Rd4 1-0

[Event "CEG Riscle C"]
[Site "Riscle"]
[Date "2017.08.07"]
[Round "1.4"]
[White "Guerreiro, Jose Velho"]
[Black "Merlet, Francois"]
[Result "1-0"]
[WhiteElo "1484"]
[BlackElo "1482"]
[PlyCount "69"]
[EventDate "2017.??.??"]
[BlackTeam "Echiquier Bordelais"]

1. d4 d5 2. c4 dxc4 3. Nc3 Nc6 4. d5 Na5 5. e4 e6 6. Qa4+ c6 7. dxc6 Nxc6 8.
Bxc4 Bb4 9. Bd2 Bd7 10. Bb5 Nge7 11. Nf3 a6 12. Bxc6 Nxc6 13. Qb3 O-O 14. O-O
Qe7 15. a3 Bxc3 16. Bxc3 b5 17. Rfd1 Rfd8 18. Rd2 e5 19. Rad1 Be6 20. Rxd8+
Rxd8 21. Qc2 f6 22. Rxd8+ Qxd8 23. Qd2 Qxd2 24. Nxd2 a5 25. b4 a4 26. f3 Kf7
27. Kf2 Nd4 28. Bxd4 exd4 29. Ke1 Bb3 30. Nf1 Ke6 31. Ng3 g6 32. Kd2 Bc4 33.
Nh1 h5 34. h4 Ke5 35. g3 1-0

[Event "CEG Riscle C"]
[Site "Riscle"]
[Date "2017.08.07"]
[Round "2.1"]
[White "Merlet, Francois"]
[Black "Boff, Olivier"]
[Result "1-0"]
[WhiteElo "1482"]
[BlackElo "1644"]
[PlyCount "85"]
[EventDate "2017.??.??"]
[WhiteTeam "Echiquier Bordelais"]
[BlackTeam "Saint Germain Laval "]

1. d4 Nf6 2. Nf3 d6 3. Bg5 g6 4. Nbd2 Bg7 5. c3 O-O 6. e4 Nbd7 7. Be2 c5 8. O-O
a6 9. a4 cxd4 10. Nxd4 Nc5 11. Bf3 Rb8 12. b4 Ne6 13. Be3 Bd7 14. a5 Nc7 15.
Re1 e5 16. Nc2 Nb5 17. c4 Nc3 18. Qc1 Bc6 19. Bb6 Qd7 20. Ra3 Na4 21. Rd3 Nxb6
22. axb6 Rfc8 23. c5 Ne8 24. Nc4 Bb5 25. N2a3 Qe6 26. Nxb5 axb5 27. Nxd6 Nxd6
28. Rxd6 Qxd6 29. cxd6 Rxc1 30. Rxc1 Bf8 31. d7 Rd8 32. Bg4 Bxb4 33. Rc8 Be7
34. Rc7 b4 35. Bd1 f5 36. exf5 gxf5 37. Rxb7 Bc5 38. Bb3+ Kf8 39. Kf1 Ke7 40.
Ba4 Ra8 41. d8=Q+ Kxd8 42. Rd7+ Kc8 43. b7+ 1-0

[Event "CEG Riscle C"]
[Site "Riscle"]
[Date "2017.08.07"]
[Round "2.2"]
[White "Jackson, Edgar"]
[Black "Camuzeaux, Jules"]
[Result "1-0"]
[WhiteElo "1641"]
[BlackElo "1579"]
[PlyCount "52"]
[EventDate "2017.??.??"]
[WhiteTeam "Gondrin Echecs Loisirs"]
[BlackTeam "Echiquier Bordelais"]

1. d4 d5 2. c4 c6 3. Nc3 Nf6 4. e3 Nbd7 5. Nf3 e6 6. Bd3 Bd6 7. O-O O-O 8. Qc2
e5 9. cxd5 cxd5 10. e4 exd4 11. Nxd4 dxe4 12. Bxe4 Nc5 13. Be3 Nfxe4 14. Nxe4
Bf5 15. Nxf5 Nxe4 16. Qxe4 Re8 17. Qg4 Be5 18. Nh6+ Kf8 19. Bc5+ Bd6 20. Bxd6+
Qxd6 21. Nf5 Qe5 22. Qb4+ Kg8 23. Ne3 Re7 24. Rac1 Rae8 25. Rc5 Qd6 26. Qc3 h6
1-0

[Event "CEG Riscle C"]
[Site "Riscle"]
[Date "2017.08.07"]
[Round "2.3"]
[White "Gabillard, Gilbert"]
[Black "Guerreiro, Jose Velho"]
[Result "1-0"]
[WhiteElo "1519"]
[BlackElo "1484"]
[PlyCount "81"]
[EventDate "2017.??.??"]
[WhiteTeam "Echiquier du pays de Liffré"]

1. d4 Nf6 2. Nf3 e6 3. e3 d5 4. Bd3 Nc6 5. c3 Bd6 6. Nbd2 O-O 7. O-O e5 8. dxe5
Nxe5 9. Nxe5 Bxe5 10. Nf3 Bd6 11. c4 dxc4 12. Bxc4 Bg4 13. Be2 Bb4 14. Qb3 a5
15. a3 Be6 16. Qc2 Bd6 17. b3 Qe7 18. Bb2 Rac8 19. Ng5 g6 20. Qc3 Bg4 21. Bxg4
Be5 22. Qxe5 Qxe5 23. Bxe5 Nxg4 24. Bc3 b6 25. Nf3 f6 26. Rfd1 Rcd8 27. h3 Nh6
28. Nd4 Kf7 29. Nc6 Rxd1+ 30. Rxd1 Ke6 31. e4 Nf7 32. f4 Nd6 33. Re1 Kd7 34.
Nd4 c5 35. Nf3 b5 36. e5 fxe5 37. fxe5 b4 38. axb4 axb4 39. Bxb4 cxb4 40. Rd1
Ke6 41. Rxd6+ 1-0

[Event "CEG Riscle C"]
[Site "Riscle"]
[Date "2017.08.07"]
[Round "2.4"]
[White "Dubertrand, Bernard"]
[Black "Joyeux, Chloe"]
[Result "1-0"]
[WhiteElo "1670"]
[BlackElo "1477"]
[PlyCount "59"]
[EventDate "2017.??.??"]
[WhiteTeam "Echiquier Montois"]
[BlackTeam "LEC Echiquier Limousin"]

1. e4 d5 2. b3 dxe4 3. Nc3 Nf6 4. Qe2 Nc6 5. Nxe4 e5 6. Bb2 Bf5 7. d3 Bxe4 8.
dxe4 Bd6 9. Nf3 Qe7 10. Qb5 O-O-O 11. Bd3 a6 12. Qa4 Nb4 13. O-O Nxd3 14. cxd3
Nd7 15. Qc4 g5 16. d4 exd4 17. Bxd4 Ne5 18. Nxe5 Bxe5 19. Bc5 Qd7 20. Rac1 h5
21. Be3 Rhg8 22. a4 Rg6 23. Qe2 Qe6 24. Rc4 Qd6 25. h3 g4 26. h4 Qd3 27. Qa2
Rgd6 28. g3 Bxg3 29. Rfc1 Rb6 30. Bxb6 1-0

[Event "CEG Riscle C"]
[Site "Riscle"]
[Date "2017.08.07"]
[Round "3.1"]
[White "Guerreiro, Jose Velho"]
[Black "Jackson, Edgar"]
[Result "1/2-1/2"]
[WhiteElo "1484"]
[BlackElo "1641"]
[PlyCount "101"]
[EventDate "2017.??.??"]
[BlackTeam "Gondrin Echecs Loisirs"]

1. d4 Nf6 2. c4 e6 3. Nc3 Bb4 4. Bd2 c5 5. dxc5 Bxc5 6. Nf3 Qb6 7. e3 Qd8 8. a3
b6 9. b4 Be7 10. Be2 Bb7 11. O-O Nc6 12. b5 Nb8 13. Ne5 Qc7 14. Nf3 d6 15. Nd4
e5 16. Nf5 O-O 17. Bf3 e4 18. Be2 Re8 19. Na4 Nbd7 20. Bc3 Bf8 21. Qb3 g6 22.
Qb2 Ne5 23. Bxe5 Rxe5 24. Ng3 Bg7 25. Rfd1 Nd7 26. Rac1 Nc5 27. Nxc5 dxc5 28.
Qc2 Ree8 29. Rd2 f5 30. Rcd1 Rad8 31. Rxd8 Rxd8 32. Rxd8+ Qxd8 33. Qd1 Qc7 34.
Nf1 Be5 35. f3 f4 36. exf4 Bd4+ 37. Kh1 Qxf4 38. fxe4 Bxe4 39. Bf3 Bxf3 40.
Qxf3 Qxf3 41. gxf3 Kg7 42. Nd2 Kf6 43. Kg2 Kf5 44. Ne4 Be5 45. h3 Kf4 46. Kf2
h6 47. Ke2 g5 48. Kf2 Bd4+ 49. Ke2 Ke5 50. Kd3 Bg1 51. Ng3 1/2-1/2

[Event "CEG Riscle C"]
[Site "Riscle"]
[Date "2017.08.07"]
[Round "3.2"]
[White "Boff, Olivier"]
[Black "Gabillard, Gilbert"]
[Result "0-1"]
[WhiteElo "1644"]
[BlackElo "1519"]
[PlyCount "136"]
[EventDate "2017.??.??"]
[WhiteTeam "Saint Germain Laval "]
[BlackTeam "Echiquier du pays de Liffré"]

1. e4 e6 2. d4 d5 3. Nc3 Nf6 4. e5 Nfd7 5. Bd3 c5 6. Be3 cxd4 7. Bxd4 Nc6 8.
Nb5 Nxd4 9. Nxd4 Nxe5 10. Bb5+ Bd7 11. Be2 Qb6 12. Nb3 Bd6 13. Nh3 Bb5 14. O-O
Bxe2 15. Qxe2 O-O 16. Kh1 Rae8 17. c3 Bb8 18. f4 Nd7 19. Qc2 f6 20. Rad1 Rf7
21. Nd4 Nf8 22. Rde1 Rd8 23. Re3 Bxf4 24. Nxf4 e5 25. Nf5 exf4 26. Rxf4 Ng6 27.
Rd4 Qb5 28. Re1 Re8 29. Rdd1 Rxe1+ 30. Rxe1 Ne7 31. Nd6 Qa6 32. Nxf7 Kxf7 33.
Qe2 Qxe2 34. Rxe2 Nc6 35. Kg1 b5 36. a3 a5 37. Kf2 Ne5 38. h3 h5 39. Ke3 Ke6
40. Kd4 Kd6 41. b4 a4 42. Re1 Nc4 43. Re8 Nxa3 44. Rd8+ Kc6 45. Ra8 Nc4 46. Kd3
Kd6 47. g4 hxg4 48. hxg4 Ne5+ 49. Kc2 Nxg4 50. Ra6+ Ke5 51. Rb6 Ne3+ 52. Kd3
Nc4 53. Rxb5 a3 54. Rb8 g5 55. Re8+ Kd6 56. Rf8 Ke5 57. b5 Nb6 58. Re8+ Kd6 59.
Rf8 Ke7 60. Rh8 Kd6 61. Rh6 Ke5 62. Kc2 g4 63. Rg6 Kf5 64. Rg7 Kf4 65. Kb3 Nc4
66. Ra7 g3 67. Rxa3 g2 68. Ra1 Nd2+ 0-1

[Event "CEG Riscle C"]
[Site "Riscle"]
[Date "2017.08.07"]
[Round "3.3"]
[White "Joyeux, Chloe"]
[Black "Merlet, Francois"]
[Result "0-1"]
[WhiteElo "1477"]
[BlackElo "1482"]
[PlyCount "56"]
[EventDate "2017.??.??"]
[WhiteTeam "LEC Echiquier Limousin"]
[BlackTeam "Echiquier Bordelais"]

1. e4 c5 2. Nc3 e6 3. f4 d5 4. e5 Bd7 5. Nf3 Be7 6. Be2 Nh6 7. O-O O-O 8. d3
Nf5 9. Qe1 Qb6 10. Kh1 Nc6 11. Nd1 Nfd4 12. Ne3 Nxe2 13. Qxe2 f6 14. Ng4 fxe5
15. Ngxe5 Nxe5 16. Nxe5 Be8 17. c3 Bf6 18. Rb1 Qd6 19. d4 cxd4 20. cxd4 Qb6 21.
Be3 Bb5 22. Nd3 Bxd4 23. Bxd4 Qxd4 24. Rbd1 Qe4 25. Qd2 Rac8 26. Rfe1 Qxd3 27.
Qa5 Qc4 28. b3 Qc6 0-1

[Event "CEG Riscle C"]
[Site "Riscle"]
[Date "2017.08.07"]
[Round "3.4"]
[White "Camuzeaux, Jules"]
[Black "Dubertrand, Bernard"]
[Result "1/2-1/2"]
[WhiteElo "1579"]
[BlackElo "1670"]
[PlyCount "120"]
[EventDate "2017.??.??"]
[WhiteTeam "Echiquier Bordelais"]
[BlackTeam "Echiquier Montois"]

1. e4 e5 2. Nf3 Nc6 3. Bc4 Bc5 4. b4 Bxb4 5. c3 Be7 6. O-O Nf6 7. Qe2 O-O 8. d4
d6 9. Rd1 Bg4 10. Ba3 Nh5 11. h3 Nf4 12. Qe3 Bh5 13. g4 Nxh3+ 14. Kh2 Bxg4 15.
Rd3 Ng5 16. Nbd2 exd4 17. cxd4 Na5 18. Bb5 a6 19. Ba4 f5 20. e5 Nxf3+ 21. Nxf3
f4 22. Qd2 Nc4 23. Bb3 b5 24. Qb4 Bh5 25. Bxc4+ bxc4 26. Qxc4+ Kh8 27. Rg1 Be8
28. Qd5 c6 29. exd6 cxd5 30. dxe7 Rf5 31. exd8=Q Rxd8 32. Ne5 Rc8 33. Bc5 a5
34. Rc3 a4 35. Re1 Rb8 36. Nd3 Rh5+ 37. Kg2 Bg6 38. Nxf4 Be4+ 39. Rxe4 Rg5+ 40.
Kf3 dxe4+ 41. Kxe4 h6 42. Rc4 Rb2 43. Rxa4 Rxf2 44. d5 Rc2 45. Ra8+ Kh7 46. d6
Rgxc5 47. d7 R2c4+ 48. Kf3 Rd4 49. d8=Q Rc3+ 50. Kg4 Rxd8 51. Rxd8 Ra3 52. Rd2
Ra4 53. Kf5 g6+ 54. Nxg6 Ra5+ 55. Ne5 h5 56. Rh2 Kg7 57. Rxh5 Rxa2 58. Rg5+ Kf8
59. Ke6 Ra6+ 60. Kf5 Ra1 1/2-1/2

[Event "CEG Riscle C"]
[Site "Riscle"]
[Date "2017.08.07"]
[Round "4.1"]
[White "Jackson, Edgar"]
[Black "Dubertrand, Bernard"]
[Result "0-1"]
[WhiteElo "1641"]
[BlackElo "1670"]
[PlyCount "84"]
[EventDate "2017.??.??"]
[WhiteTeam "Gondrin Echecs Loisirs"]
[BlackTeam "Echiquier Montois"]

1. d4 d5 2. c4 c6 3. Nc3 Nf6 4. e3 Bf5 5. Qb3 Qd7 6. Nf3 e6 7. Nh4 Bg4 8. h3
Bh5 9. Be2 Bxe2 10. Nxe2 Be7 11. Nf3 Ne4 12. c5 O-O 13. Nc3 f5 14. Ne2 Qc7 15.
Nf4 Rf6 16. h4 Rh6 17. Rh3 Nd7 18. Bd2 Ndf6 19. Nxe6 Qd7 20. Nfg5 Rb8 21. f3
Nxg5 22. Nxg5 Rg6 23. f4 Nh5 24. Qd1 Rh6 25. Qb3 Nf6 26. O-O-O Ne4 27. Rf1 Qc8
28. Qa3 Bd8 29. Nxe4 fxe4 30. h5 b6 31. Bc3 a5 32. f5 b5 33. Qb3 Qa6 34. Rf4 b4
35. a4 Bc7 36. Bd2 Bxf4 37. exf4 Qf1+ 38. Kc2 Qxg2 39. Rg3 Qe2 40. Re3 Qxh5 41.
Rxe4 Qxf5 42. Qxd5+ cxd5 0-1

[Event "CEG Riscle C"]
[Site "Riscle"]
[Date "2017.08.07"]
[Round "4.2"]
[White "Gabillard, Gilbert"]
[Black "Joyeux, Chloe"]
[Result "1/2-1/2"]
[WhiteElo "1519"]
[BlackElo "1477"]
[PlyCount "65"]
[EventDate "2017.??.??"]
[WhiteTeam "Echiquier du pays de Liffré"]
[BlackTeam "LEC Echiquier Limousin"]

1. d4 d5 2. Bf4 Nf6 3. e3 Bf5 4. Bd3 Bxd3 5. Qxd3 e6 6. Nf3 Nbd7 7. Nbd2 Be7 8.
h3 O-O 9. c3 c5 10. Ne5 cxd4 11. exd4 Rc8 12. O-O a6 13. a4 Nxe5 14. Bxe5 Bd6
15. f3 Bxe5 16. dxe5 Qb6+ 17. Qd4 Nd7 18. Qxb6 Nxb6 19. Kf2 Nc4 20. Nxc4 Rxc4
21. Ke3 Rfc8 22. Rfd1 Kf8 23. Rd4 Ke7 24. Rad1 b5 25. axb5 axb5 26. Ra1 Rxd4
27. Kxd4 b4 28. Ra7+ Ke8 29. Rb7 bxc3 30. bxc3 g6 31. Rb4 Ra8 32. Rb2 Rc8 33.
Rb4 1/2-1/2

[Event "CEG Riscle C"]
[Site "Riscle"]
[Date "2017.08.07"]
[Round "4.3"]
[White "Merlet, Francois"]
[Black "Camuzeaux, Jules"]
[Result "1-0"]
[WhiteElo "1482"]
[BlackElo "1579"]
[PlyCount "85"]
[EventDate "2017.??.??"]
[WhiteTeam "Echiquier Bordelais"]
[BlackTeam "Echiquier Bordelais"]

1. d4 d5 2. Nf3 Nf6 3. Bg5 Nbd7 4. Nbd2 c5 5. c3 e6 6. e3 Qb6 7. Qb3 Bd6 8. Bd3
Qc7 9. Qc2 c4 10. Be2 b5 11. e4 dxe4 12. Nxe4 Nxe4 13. Qxe4 Bb7 14. Qg4 Nf6 15.
Bxf6 gxf6 16. Qh4 Ke7 17. Qh6 Rag8 18. g3 Rg6 19. Qe3 h5 20. Rf1 Rg4 21. Nd2
Rgg8 22. Ne4 Bxe4 23. Qxe4 h4 24. O-O-O hxg3 25. hxg3 Rb8 26. d5 b4 27. dxe6
fxe6 28. Bxc4 e5 29. Qd5 Kd7 30. Qe6+ Kc6 31. Qd5+ Kd7 32. Qf7+ Kc6 33. Bd5+
Kb6 34. Qxc7+ Kxc7 35. c4 Bc5 36. f3 Rh3 37. Rh1 Rxg3 38. Rh7+ Kd6 39. Rf7 Be3+
40. Kc2 Bg5 41. Be4+ Ke6 42. Rdd7 a5 43. Rfe7# 1-0

[Event "CEG Riscle C"]
[Site "Riscle"]
[Date "2017.08.07"]
[Round "4.4"]
[White "Guerreiro, Jose Velho"]
[Black "Boff, Olivier"]
[Result "0-1"]
[WhiteElo "1484"]
[BlackElo "1644"]
[PlyCount "74"]
[EventDate "2017.??.??"]
[BlackTeam "Saint Germain Laval "]

1. d4 Nf6 2. c4 g6 3. Nc3 Bg7 4. Nf3 O-O 5. Bf4 d6 6. h3 Nbd7 7. Qd2 Re8 8. Bh6
Bh8 9. e3 c5 10. Be2 e5 11. dxe5 Nxe5 12. Nxe5 dxe5 13. Qxd8 Rxd8 14. Bg5 Be6
15. O-O Rd2 16. Rab1 Ne4 17. Nxe4 Rxe2 18. Nc3 Rc2 19. Ne4 Bxc4 20. Rfd1 Bxa2
21. Rbc1 Rxc1 22. Rxc1 b6 23. Rd1 Be6 24. f4 exf4 25. exf4 Bd4+ 26. Kf1 Bxb2
27. g4 f5 28. gxf5 Bxf5 29. Nf2 Re8 30. Rd2 Bd4 31. Ra2 a5 32. Ng4 Bd3+ 33. Kg2
Re2+ 34. Rxe2 Bxe2 35. Nh6+ Kg7 36. Ng4 Bxg4 37. hxg4 a4 0-1

[Event "CEG Riscle C"]
[Site "Riscle"]
[Date "2017.08.07"]
[Round "5.1"]
[White "Dubertrand, Bernard"]
[Black "Merlet, Francois"]
[Result "0-1"]
[WhiteElo "1670"]
[BlackElo "1482"]
[PlyCount "80"]
[EventDate "2017.??.??"]
[WhiteTeam "Echiquier Montois"]
[BlackTeam "Echiquier Bordelais"]

1. e4 c5 2. Nf3 e6 3. c3 d5 4. Be2 dxe4 5. Qa4+ Bd7 6. Qxe4 Bc6 7. Qc2 Nf6 8.
O-O Bd6 9. d3 Qc7 10. h3 Nbd7 11. Nbd2 O-O 12. Nc4 Be7 13. Bg5 h6 14. Bh4 Nd5
15. Bg3 Qd8 16. a3 N7b6 17. Nfe5 Be8 18. Na5 Qc8 19. Bf3 Bg5 20. c4 Ne7 21.
Bxb7 Qd8 22. Bxa8 Nxa8 23. Nac6 Nxc6 24. Nxc6 Bxc6 25. Qe2 Bf6 26. Rab1 a5 27.
Qh5 Qd4 28. Kh1 e5 29. Rfd1 Nb6 30. b3 Re8 31. Qe2 e4 32. Qd2 exd3 33. Qxa5 Nd7
34. Qc7 Be4 35. f3 Bf5 36. a4 d2 37. Ra1 Bc2 38. Bd6 Bxd1 39. Qxd7 Re1+ 40. Kh2
Be5+ 0-1

[Event "CEG Riscle C"]
[Site "Riscle"]
[Date "2017.08.07"]
[Round "5.2"]
[White "Boff, Olivier"]
[Black "Jackson, Edgar"]
[Result "0-1"]
[WhiteElo "1644"]
[BlackElo "1641"]
[PlyCount "56"]
[EventDate "2017.??.??"]
[WhiteTeam "Saint Germain Laval "]
[BlackTeam "Gondrin Echecs Loisirs"]

1. e4 c5 2. Nf3 e6 3. d4 cxd4 4. Nxd4 Nc6 5. Be2 Qc7 6. O-O Nf6 7. Nc3 a6 8.
Kh1 Bb4 9. f3 b5 10. Nxc6 dxc6 11. a3 Be7 12. f4 Bb7 13. f5 Rd8 14. Qe1 O-O 15.
Bg5 c5 16. fxe6 fxe6 17. Qh4 Bc6 18. e5 Qxe5 19. Bf4 Qf5 20. Bc7 Qg6 21. Qh3
Ne4 22. Nxe4 Rxf1+ 23. Rxf1 Rd7 24. Ng3 Rxc7 25. Bf3 Qh6 26. Qg4 Bd6 27. Nh5
Rf7 28. Re1 Bd5 0-1

[Event "CEG Riscle C"]
[Site "Riscle"]
[Date "2017.08.07"]
[Round "5.3"]
[White "Camuzeaux, Jules"]
[Black "Gabillard, Gilbert"]
[Result "0-1"]
[WhiteElo "1579"]
[BlackElo "1519"]
[PlyCount "68"]
[EventDate "2017.??.??"]
[WhiteTeam "Echiquier Bordelais"]
[BlackTeam "Echiquier du pays de Liffré"]

1. e4 e6 2. Nc3 d5 3. d4 Nf6 4. Bg5 Be7 5. e5 Nfd7 6. Bxe7 Qxe7 7. f4 a6 8. Nf3
c5 9. Be2 Nc6 10. Qd2 cxd4 11. Nxd4 Nxd4 12. Qxd4 Qc5 13. Qxc5 Nxc5 14. O-O Bd7
15. Rad1 Ke7 16. f5 Rhf8 17. f6+ gxf6 18. Rxf6 Rg8 19. Rdf1 Rg7 20. Bh5 Be8 21.
a3 Nd7 22. Ne2 Nxe5 23. Nd4 Bd7 24. R6f2 Rf8 25. Re2 Rg5 26. Nf3 Nxf3+ 27. Bxf3
Bb5 28. Rfe1 Bxe2 29. Rxe2 f6 30. c4 Re5 31. Rxe5 fxe5 32. cxd5 Rxf3 33. gxf3
exd5 34. Kf2 Kf6 0-1

[Event "CEG Riscle C"]
[Site "Riscle"]
[Date "2017.08.07"]
[Round "5.4"]
[White "Joyeux, Chloe"]
[Black "Guerreiro, Jose Velho"]
[Result "1/2-1/2"]
[WhiteElo "1477"]
[BlackElo "1484"]
[PlyCount "98"]
[EventDate "2017.??.??"]
[WhiteTeam "LEC Echiquier Limousin"]

1. e4 c5 2. Nc3 Nc6 3. Bb5 g6 4. Bxc6 dxc6 5. f4 Bg7 6. Nf3 Nf6 7. O-O Qb6 8.
Kh1 Bg4 9. d3 O-O 10. Qe1 Qc7 11. Be3 b6 12. Qg3 Bd7 13. Qe1 Ng4 14. Bd2 Nf6
15. Nh4 e6 16. f5 exf5 17. exf5 Rae8 18. Qc1 Ng4 19. Bf4 Be5 20. Bxe5 Qxe5 21.
Qf4 Qxf4 22. Rxf4 Nh6 23. fxg6 fxg6 24. Rxf8+ Rxf8 25. Nf3 Re8 26. Ne4 Kg7 27.
Rf1 Nf5 28. Kg1 Ne3 29. Rc1 h6 30. h3 Nd5 31. a3 Nf6 32. Nxf6 Kxf6 33. Kf2 h5
34. Re1 Rxe1 35. Kxe1 Bf5 36. h4 Ke6 37. Kf2 Kd5 38. Nd2 b5 39. Ke3 a6 40. c4+
Kd6 41. Ne4+ Bxe4 42. Kxe4 Ke6 43. Kf4 Kf6 44. b3 a5 45. a4 b4 46. g3 Ke6 47.
Kg5 Kf7 48. Kf4 Ke6 49. Ke4 Kd6 1/2-1/2

[Event "CEG Riscle C"]
[Site "Riscle"]
[Date "2017.08.07"]
[Round "6.1"]
[White "Jackson, Edgar"]
[Black "Merlet, Francois"]
[Result "1-0"]
[WhiteElo "1641"]
[BlackElo "1482"]
[PlyCount "35"]
[EventDate "2017.??.??"]
[WhiteTeam "Gondrin Echecs Loisirs"]
[BlackTeam "Echiquier Bordelais"]

1. d4 d5 2. c4 dxc4 3. Nf3 Nf6 4. e3 Be6 5. Nc3 a6 6. a4 Nc6 7. e4 Bg4 8. d5
Ne5 9. Bf4 Nfd7 10. Be2 Bxf3 11. gxf3 Rc8 12. Qd4 Ng6 13. Bg3 c5 14. Qd2 Qa5
15. O-O Nde5 16. f4 Nd3 17. b3 Nb4 18. Bxc4 1-0

[Event "CEG Riscle C"]
[Site "Riscle"]
[Date "2017.08.07"]
[Round "6.2"]
[White "Gabillard, Gilbert"]
[Black "Dubertrand, Bernard"]
[Result "0-1"]
[WhiteElo "1519"]
[BlackElo "1670"]
[PlyCount "78"]
[EventDate "2017.??.??"]
[WhiteTeam "Echiquier du pays de Liffré"]
[BlackTeam "Echiquier Montois"]

1. d4 d5 2. Nf3 Nf6 3. e3 Nc6 4. c4 e6 5. Nc3 Be7 6. Bd3 dxc4 7. Bxc4 O-O 8.
O-O a6 9. a3 Bd6 10. Qc2 e5 11. Ne4 exd4 12. Nxd6 Qxd6 13. Rd1 Ne5 14. Nxe5
Qxe5 15. f4 Qe7 16. Rxd4 Bd7 17. Be2 Bc6 18. Bf3 Bxf3 19. gxf3 c6 20. e4 Rac8
21. Be3 Rfe8 22. Re1 Qc7 23. Qc1 Nh5 24. Red1 Qe7 25. Rd7 Qh4 26. Qc4 Re7 27.
Rd8+ Re8 28. R8d7 Qf6 29. Qd4 Rb8 30. e5 Qe6 31. Rd8 Rbxd8 32. Qxd8 Nf6 33. Qb6
Nd5 34. Qb3 Qg6+ 35. Kf1 Qf5 36. Rd4 Qh3+ 37. Ke2 Qg2+ 38. Kd3 Qxf3 39. Re4 Rd8
0-1

[Event "CEG Riscle C"]
[Site "Riscle"]
[Date "2017.08.07"]
[Round "6.3"]
[White "Boff, Olivier"]
[Black "Joyeux, Chloe"]
[Result "1-0"]
[WhiteElo "1644"]
[BlackElo "1477"]
[PlyCount "48"]
[EventDate "2017.??.??"]
[WhiteTeam "Saint Germain Laval "]
[BlackTeam "LEC Echiquier Limousin"]

1. Nf3 d5 2. g3 c6 3. Bg2 Nf6 4. O-O Bf5 5. d3 e6 6. Nh4 Bg6 7. Bg5 Nbd7 8. Nd2
Be7 9. c4 O-O 10. Nxg6 fxg6 11. Bh3 e5 12. cxd5 cxd5 13. e4 h6 14. Bxf6 Nxf6
15. Qb3 Kh7 16. Rfd1 Bc5 17. Qxb7 dxe4 18. dxe4 Qd4 19. Nb3 Qxf2+ 20. Kh1 Rab8
21. Qc7 Nxe4 22. Qxe5 Qe3 23. Qd5 Nf2+ 24. Kg2 Nxd1 1-0

[Event "CEG Riscle C"]
[Site "Riscle"]
[Date "2017.08.07"]
[Round "6.4"]
[White "Guerreiro, Jose Velho"]
[Black "Camuzeaux, Jules"]
[Result "1-0"]
[WhiteElo "1484"]
[BlackElo "1579"]
[PlyCount "69"]
[EventDate "2017.??.??"]
[BlackTeam "Echiquier Bordelais"]

1. d4 d5 2. c4 c6 3. Nc3 Nf6 4. Nf3 e6 5. Bg5 Bb4 6. a3 Ba5 7. b4 Bc7 8. e3
Nbd7 9. cxd5 exd5 10. Bd3 Qe7 11. Qc2 h6 12. Bh4 Qe6 13. Bf5 Qe7 14. Na4 Nb6
15. Nxb6 axb6 16. Bxc8 Rxc8 17. Qf5 Qd7 18. Qxd7+ Nxd7 19. O-O Bd6 20. Rfc1 Ra8
21. Bg3 Bxg3 22. hxg3 b5 23. Rc2 Nb6 24. Nd2 Kd7 25. Kf1 Ra4 26. Nb3 Ra7 27.
Nd2 Rha8 28. Rca2 Na4 29. Nb1 Re8 30. Ke2 Raa8 31. Kd3 f5 32. Nc3 Nb6 33. a4
bxa4 34. Nxa4 Nc4 35. Nc5+ 1-0